Responses for show #4816 - Monday, July 11, 2005

David Madden game 5.

Contestants

[<< previous game]

Jessica Schreader, an office manager from Delran, New Jersey

Annemarie Gallagher, a customer service representative from Fremont, California

David Madden, a student originally from Ridgewood, New Jersey (whose 4-day cash winnings total $94,400)

[next game >>]

Jeopardy! Round responses

PRESIDENTIAL CAMPAIGN SLOGAN YEARS
A BOWL OF CHERRIES
THE PERE LACHAISE LOUNGE
"S"ENTIAL KNOWLEDGE
THE ARTFUL
DODGER
    $200 5
1952

David
    $200 12
(Jessica: What is a candied cherry?)

a maraschino

AnnemarieJessica
    $200 16
Jim Morrison

Jessica
    $200 18
(Annemarie: Uouhh, I didn't think I'd get in. I'm blank.)

a soap opera

AnnemarieJessica
    $200 7
(Alex: Yes, The Anatomy Lesson.)

Rembrandt

Jessica
    $200 21
Pee Wee

David
    $400 4
1964

David
    $400 17
Cherry Garcia

David
    $400 15
Sarah Bernhardt

David
    $400 27
(Alex: Getting seasick already.)

ship of the desert

Triple Stumper
    $400 8
(Salvador) Dalí

David
    $400 22
Jackie Robinson

David
    $600 3
(Alex: He ran twice.)

1952 (or 1956)

David
    $600 19
cherries jubilee

Jessica
    $600 14
(Marcel) Proust

David
    $600 28
synagogues

David
    $600 6
(Alex: [*] by Paul Gauguin.)

Tahiti

Jessica
    $600 23
Hank Aaron

David
    $800 1
1932

David
    $800 20
Bing

David
    $800 11
(Edith) Piaf

Jessica
    $800 29
the sensor

Triple Stumper
    $800 9
Frida Kahlo

David
    $800 24
(Fernando) Valenzuela

David
    $1,000 2
(Alex: Well, you're getting it out of the way early.)

1948

David
    $1000 26
[Annemarie laughs at being able to go on an extended run of two correct responses in a row]
(Alex: Yes, you got in there in front of David. Don't be too cocky though, Annemarie.)
(Annemarie: Oh, it's just a small victory.)
(Alex: All right.)

kirsch

Annemarie
    $1000 13
(Jean Baptiste Poquelin) Molière

David
    $1000 30
Solicitor General

David
    $1000 10
(Jessica: Who is... blanking.)

El Greco

AnnemarieJessica
    $1000 25
Tommy Lasorda

Annemarie

Scores at the first commercial break (after clue 16):

David Annemarie Jessica
$6,200 $1,200 $600

Scores at the end of the Jeopardy! Round:

David Annemarie Jessica
$11,000 $3,000 $1,400

Double Jeopardy! Round responses

SHAKESPEAREAN PHRASES
JOEL SCHUMACHER
THE WESTERNMOST NATION
GLASS
COLLEGES & UNIVERSITIES
SILENT "P"
    $400 17
Othello

David
    $400 7
Batman

Jessica
    $400 6
Italy

Jessica
    $400 26
Waterford

Annemarie
    $400 22
Notre Dame

Jessica
    $400 1
a psalm

David
    $900 20
(Sir John) Falstaff

David
    $800 8
The Phantom of the Opera

Jessica
    $800 5
Turkmenistan

David
    $800 27
lead

Annemarie
    $800 21
Howard University

Jessica
    $800 12
a pseudonym

David
    $1200 18
The Tempest

David
    $1200 9
Phone Booth

Jessica
    $1200 4
Ecuador

David
    $1200 28
Tiffany

David
    $1200 14
Miami (University of Ohio)

David
    $1200 23
(Annemarie: What is pi?)
(Alex: No.)
(Annemarie: Ooh!)

psi

DavidAnnemarie
    $1600 16
Twelfth Night

Jessica
    $1600 10
"Devil Inside"

Jessica
    $1600 2
Jamaica

David
    $1600 29
flowers

David
    $1600 13
Brigham Young (University)

David
    $1600 25
Ptolemy

Jessica
    $2000 19
As You Like It

David
    $2000 11
(Alex: Hey, you know your Joel Schumacher films! You ran the category!)
(Jessica: Thank you.)
(Alex: Way to go, young lady!)

The Lost Boys

Jessica
    $2000 3
Indonesia

David
    $2000 30
Murano

David
    $900 15
(Alex: That's right. The remembrance of the shootings of 1970. Go again, David.)

Kent State

David
    $2000 24
psychokinesis

Jessica

Scores at the end of the Double Jeopardy! Round:

David Annemarie Jessica
$32,000 $3,000 $14,200
(lock game)

[wagering suggestions for these scores]

Final Jeopardy! Round responses

SUPREME COURT JUSTICES
(Alex: He was the Chief U.S. Prosecutor or Allied Prosecutor.)
...
(Alex: The kid is good! Come and see him again on our next Jeopardy! So long.)
AnnemarieWhat is Nuremburg?
$2,999
JessicaWhat is Paris?
$4,200
DavidWhat is Nuremburg
$100
Nuremberg

Final scores:

David Annemarie Jessica
$32,100 $5,999 $10,000
5-day champion: $126,500 3rd place: $1,000 2nd place: $2,000

Game dynamics:

Coryat scores:

David Annemarie Jessica
$33,000 $3,000 $14,200
35 R
(including 3 DDs),
0 W
6 R,
2 W
17 R,
2 W

Combined Coryat: $50,200

The J! Archive is created by fans, for fans. The Jeopardy! game show and all elements thereof, including but not limited to copyright and trademark thereto, are the property of Jeopardy Productions, Inc. and are protected under law. This website is not affiliated with, sponsored by, or operated by Jeopardy Productions, Inc. Join the discussion at JBoard.tv.